000 00832nam a2200253 a 4500
001 31228
003 BD-RjUL
005 20211209051656.0
008 s1965 enk b 000 0 eng
035 _a(OCoLC)13230252
_a(BD-RjUL)31315
040 _aDLC
_cCTN
_beng
_dBD-RjUL
041 _aeng
082 0 4 _219
_a195
_bKRE 1965
100 1 _aKristeller, Paul Oskar,
_d1905-1999
_995015
245 1 0 _aEight philosophers of the Italian Renaissance /
_cPaul Oskar Kristeller.
260 _aLondon :
_bChatto & Windus,
_c1965.
300 _aix, 194 p. ;
_c23 cm.
504 _a"Bibliographical survey": p. 181-188
505 0 _aPetrarch.--Valla.--Ficino.--Pico.--Pomponazzi.--Telesio.--Patrizi.--Bruno
650 0 _aPhilosophers, Italian
_995016
650 0 _aPhilosophers, Renaissance
_995017
942 _2ddc
_cBK
999 _c31228
_d31228